000 00265nam a22001097a 4500
008 160520b xxu||||| |||| 00| 0 eng d
020 _a0321163370
041 _aeng
080 _a003.2
245 _aWriting arguments:
_cJohn D. Ramage; John C. Bean;
942 _2udc
_cBK
999 _c2286
_d2286